00932na a2200217 450000100060000000300080000600500170001400800410003104000250007204100080009708200230010509000240012824502030015226000310035530000190038650500880040565000870049394200130058095201060059399900150069921762MIRAKIL20181213155145.0170207b tu 000 0  aMilasbturcTR-AnCHP atur a351.7222bI45 2007 a351.7222 İ45 2007 a2007 mali yılı genel ve katma bütçe kanun tasarıları ile 2005 mali yılı genel ve katma bütçe kesin hesap kanunu tasarılarının plan ve bütçe komisyonu görüşme tutanakları  a[Ankara]b[yayl. y.]c2006 a112 s.c23 sm. aBütçe ve kesinhesap kanunu tasarılarının tümü üzerine görüşmeler aBütçe ve kesinhesap kanunu tasarılarıxBütçe KomisyonuyTutanaklar, 2007 2ddccBKS a0001b0001d2017-02-07e2l0o351.7222 İ45 2007p012297r2017-02-07 00:00:00v0.00w2017-02-07yBKS c7630d7630